Organizácie kolektívnej správy na Slovensku a ich výkon ochrany autorských práv diplomová práca

Guardado en:
Detalles Bibliográficos
Autor principal: Kužmová, Anna
Autor Corporativo: Fakulta podnikového manažmentu EU. Katedra podnikovohospodárska
Otros Autores: Kmety Barteková, Mária, 1992-
Formato: Libro
Lenguaje:eslovaco
Publicado: Bratislava 2024
Etiquetas: Agregar Etiqueta
Sin Etiquetas, Sea el primero en etiquetar este registro!

MARC

LEADER 00000nbm a2200000 4500
001 0300913
005 20250904142901.5
041 0 |a slo 
044 |a SK 
245 1 0 |a Organizácie kolektívnej správy na Slovensku a ich výkon ochrany autorských práv  |b diplomová práca  |c Anna Kužmová ; školiteľ: Mária Kmety Barteková 
264 1 |a Bratislava  |c 2024 
300 |a 83 s. 
100 1 |a Kužmová, Anna 
700 1 |a Kmety Barteková, Mária, 1992- 
710 2 |a Fakulta podnikového manažmentu EU. Katedra podnikovohospodárska